A centralidade do projecto educativo na administração escolar (Registo nº 869)

Detalhes MARC
000 -Etiqueta do registo
Cabeçalho 00727nam a2200277 4500
005 - Identificador da versão
Campo de controlo 20240822163547.0
010 ## - Número internacional normalizado dos livros (ISBN)
Número (ISBN) 9789727727766
035 ## - Other System Control Numbers
System Control Number 0000937
System Control Number 0000930
System Control Number 0000916
100 ## - Dados gerais de processamento
Dados gerais de processamento 20071212d2007 m y0pory5003 ba
101 0# - Língua de publicação
Língua do texto, banda sonora, etc. Português
102 ## - Pais de publicação ou produção
País de publicação Portugal
105 ## - Campo de dados codificados: livros
Dados codificados dos livros y z 000yy
106 ## - Campo de dados codificados: material textual
Dados codificados do material textual r
200 1# - Titulo e menção de responsabilidade
Título próprio A centralidade do projecto educativo na administração escolar
Informação de outro título um estudo numa comunidade educativa
Primeira menção de responsabilidade António Luís Santos Grade
205 ## - Menção da edição
Menção da edição 1ª ed
210 ## - Publicação, Distribuição, etc. 
Lugar da edição, distribuição, etc. Lisboa
Nome do editor, distribuidor, etc. Colibri
Data da publicação, distribuição, etc. 2007
215 ## - Descrição física 
Indicação específica da natureza do documento e extensão da espécie p.
225 2# - Colecção 
Título próprio da colecção Extra-colecção
675 ## - Classificação Decimal Universal (CDU)
Notação 371
Edição BN
Língua da edição por
700 ## - Nome de autor-pessoa física (responsabilidade principal)
Número de registo de entrada de autoridade 0001138
Palavra de ordem Grade
Outra parte do nome não tomada para palavra de ordem António Luís Santos
Datas 1954-
942 ## - Elementos de entrada adicionados (Koha)
Tipo de item no Koha Livro
966 ## - Identificação da Biblioteca
Sigla NUMETECA
Exemplares
Situação do levantamento Origin of item (home branch) (coded) Biblioteca de empréstimo Código de barras Cota Circulation type (not for loan) Tipo de documento Nota do exemplar Damaged status
  Biblioteca Escolar Eng. Nuno Mergulhão Biblioteca Escolar Eng. Nuno Mergulhão BENM1569 37EDU GRA   Livro Sem mensagem  
  Biblioteca Escolar Eng. Nuno Mergulhão Biblioteca Escolar Eng. Nuno Mergulhão BENM1570 37EDU GRA   Livro Sem mensagem  
  Biblioteca Escolar Eng. Nuno Mergulhão Biblioteca Escolar Eng. Nuno Mergulhão BENM1571     Livro Sem mensagem